000 00457nam a2200181Ia 4500
001 13457
005 20260306164802.0
008 260306t1997||||xx |||||||||||||| ||spa||
041 _aESP
082 _a004.21
_bM26M3
100 _aMartin, James
_eAUT
245 0 _aMétodos orientados a objetos:
_bconsideraciones prácticas
260 _c1997
300 _axvi, 560 páginas :
_c24 cm.
650 _aGEN
654 _aCCC
942 _cLIB
_dJUS
_fJUS
_2ddc
_n
999 _c13457
_d13457